| 000 | 00473nam a22001937a 4500 | ||
|---|---|---|---|
| 003 | Ost | ||
| 005 | 20250402100649.0 | ||
| 008 | 250402b |||||||| |||| 00| 0 eng d | ||
| 020 | _a9781846045097 | ||
| 040 | _cBT-PhCST | ||
| 050 | _a4630 | ||
| 082 |
_222 _a294.3442 _bHAN |
||
| 100 | _aHanh, Thich Nhat. | ||
| 245 | _aThe art of living / | ||
| 250 | _a22 | ||
| 260 |
_aLondon, _bPenguin Random House, _cc2017 |
||
| 300 |
_aix, 206 p. : _bill. ; _c22 cm. |
||
| 942 |
_2ddc _cF |
||
| 999 |
_c9962 _d9962 |
||